Scale-biased technological development in Canada's industrialization, 1900-1929.
Technologický vývoj pri industrializácii Kanady v r. 1900-1929 a jeho analýza so zvláštnym prihliadnutím na elektrifikáciu. Potvrdenie hypotézy, že technické zmeny sú zčasti vyvolané rastom celkového objemu ekonomiky.
Salvato in:
| Autore principale: | |
|---|---|
| Natura: | Capitolo di libro |
| Lingua: | inglese |
| Soggetti: | |
| Tags: |
Nessun Tag, puoi essere il primo ad aggiungerne!!
|
MARC
| LEADER | 00000naa a2200000 4500 | ||
|---|---|---|---|
| 001 | r001621 | ||
| 005 | 20220909074040.9 | ||
| 041 | 0 | |a eng | |
| 044 | |a US | ||
| 245 | 1 | 0 | |a Scale-biased technological development in Canada's industrialization, 1900-1929. |c P.J. Wylie |
| 520 | |a Technologický vývoj pri industrializácii Kanady v r. 1900-1929 a jeho analýza so zvláštnym prihliadnutím na elektrifikáciu. Potvrdenie hypotézy, že technické zmeny sú zčasti vyvolané rastom celkového objemu ekonomiky. | ||
| 610 | 2 | 0 | |a Kanada |
| 610 | 2 | 0 | |a industrializácia |
| 610 | 2 | 0 | |a elektrifikácia |
| 610 | 2 | 0 | |a riadenie NH |
| 610 | 2 | 0 | |a 1900-1929 |
| 610 | 2 | 0 | |a testovanie hypotéz |
| 100 | 1 | |a Wylie, P.J. | |